000 00558nam a2200193 4500
005 20260505162746.0
008 260505b |||||||| |||| 00| 0 eng d
020 _a9781785690198
_qhbk
041 _aeng
082 _a410.2 BUL.4
100 _aBullinaria,John A.
245 _aEncyclopaedia of Recent Advances in Corpus Linguistics:
_b Theory and Practice,
_cJohn A. Bullinaria.
260 _aUnited Kingdom
_bKoros Press Limited
_c2016
300 _a262p. :
_c20cm.
490 _vvol 4
504 _aindex
650 _aLinguistics
942 _cENGLISH
999 _c622583
_d622583